| 000 | 00629nam a2200241Ia 4500 | ||
|---|---|---|---|
| 003 | OSt | ||
| 005 | 20221005133242.0 | ||
| 006 | a|||||r|||| 00| 0 | ||
| 007 | ta | ||
| 008 | 221004b |||||||| |||| 00| 0 eng d | ||
| 024 | _a60772 | ||
| 037 | _cTextual | ||
| 040 |
_aCRL _cCRL _beng |
||
| 041 |
_2eng _aeng |
||
| 082 | _aU281, K5 | ||
| 110 | _aUnited States, Information Service (New Delhi) | ||
| 245 | 0 | _aWatching the weather from space | |
| 260 | _c1965 | ||
| 650 | _aGEOGRAPHY | ||
| 700 | _aUnited States, Information Service (New Delhi) | ||
| 942 |
_hU281, K5 _cTEXL _2cc |
||
| 999 |
_c1066261 _d1066261 |
||